Highest Grossing Movies (2006) Quiz Stats

Quiz Updated Apr 7, 2016

Challenge
Share
Tweet
Score 0/30 Timer 08:00
2 Plays Today
% Correct
Cars
99.2%
Night at the Museum
96.5%
Happy Feet
94%
Ice Age: The Meltdown
92.6%
Borat
86.8%
The Da Vinci Code
82.9%
The Devil Wears Prada
82.4%
The Pursuit of Happyness
81.7%
Pirates of the Caribbean: Dead Man's Chest
81.3%
Click
80.6%
Casino Royale
75.4%
The Santa Clause 3: The Escape Clause
72.3%
X-Men: The Last Stand
72.3%
The Pink Panther
70.9%
Nacho Libre
70.6%
% Correct
Talladega Nights: The Ballad of Ricky Bobby
67.5%
The Departed
66.3%
Charlotte's Web
65.1%
Mission: Impossible III
63.5%
Over the Hedge
62.7%
Dreamgirls
61.1%
The Break-Up
58.3%
Superman Returns
55.3%
Scary Movie 4
53.4%
Saw III
42.9%
You, Me and Dupree
37.9%
Failure to Launch
33%
Open Season
31%
Eight Below
26.4%
Inside Man
25.9%

You're not logged in!

Compare scores with friends on all Sporcle quizzes.
Join for Free
OR
Log In

You Might Also Like...

Show Comments

Extras

Top Quizzes Today


Score Distribution

Your Account Isn't Verified!

In order to create a playlist on Sporcle, you need to verify the email address you used during registration. Go to your Sporcle Settings to finish the process.

Report this User

Report this user for behavior that violates our Community Guidelines.

Details: